| 000 | 00622cam a22002411 4500 | ||
|---|---|---|---|
| 001 | sa 68017252 | ||
| 003 | DLC | ||
| 005 | 20260227112701.0 | ||
| 008 | 890615s1967 ii b 000 0 kano | ||
| 010 | _asa 68017252 | ||
| 035 | _a(OCoLC)19876600 | ||
| 040 |
_aDLC _cWaU _dDLC |
||
| 042 | _apremarc | ||
| 043 | _aa-ii--- | ||
| 050 | 0 | 0 |
_aDS421.5 _b.S55 |
| 100 | 1 |
_aLiṅgaṇṇa, Simpi, _d1905-1993. |
|
| 245 | 1 | 0 | _aBhāratā saṃskr̥tiya saṅghaṭane. |
| 260 | _c1967. | ||
| 300 |
_a3, 2, 103 p. _c19 cm. |
||
| 500 | _aIn Kannada. | ||
| 504 | _aBibliographical footnotes. | ||
| 651 | 0 |
_aIndia _xCivilization. |
|
| 999 |
_c87614 _d87614 |
||